000 00550nam a2200181Ia 4500
999 _c14272
_d14272
003 OSt
005 20230916155655.0
008 190216s9999||||xx |||||||||||||| ||und||
020 _a0143029576
040 _coclc
082 _a823.914
_bSIN/T
100 0 _aKhushwant Singh,
_d1915-2014
_95604
245 0 _aTruth Love And A Little Malice :
_bAn Autobiography /
_cKhushwant Singh
260 _bPenguin Books,
_aNew zealand :
_c1995.
300 _a423p
650 _aEnglish
942 _cBK
_2ddc
_h823.914
_iSIN/T
_k823.914
_mSIN/T